La otra política de México /

Kaydedildi:
Detaylı Bibliyografya
Yazar: Blanco Moheno, Roberto (autor)
Materyal Türü: Kitap
Dil:İspanyolca
Baskı/Yayın Bilgisi: México : Bruguera, 1981, c1981
Konular:
Etiketler: Etiketle
Etiket eklenmemiş, İlk siz ekleyin!

MARC

LEADER 00000nam^a2200000^a^4500
001 000363658
005 20250815000000.0
009 20260310115555.113
020 |a 968-10-0260-1 
025 |a Donación Ignacio González Luna, 1 ejemplar 
037 |a Acervo ITESO - Biblioteca 
041 |a ESP 
082 |a 320. 972  |b BLA 
100 |a Blanco Moheno, Roberto  |e (autor) 
245 1 3 |a La otra política de México /  |c R. Blanco Moheno. 
264 4 |a México :  |b Bruguera,  |c 1981, c1981 
300 |a 332 p. 
336 |a texto  |b txt  |2 rdacontenido 
337 |a sin mediación  |b n  |2 rdamedio 
338 |a volumen  |b nc  |2 rdasoporte 
649 |a XX 
650 |a Jefes de Estado Mexicanos 
650 |a Políticos Mexicanos 
650 |a Educación y Política -  |z México -  |x Historia -  |y Siglo XX 
650 |a Política -  |z México -  |x Historia -  |y Siglo XX -  |x Tema Principal 
650 |a México -  |x Historia -  |y Siglo XX 
650 |a México -  |x Condiciones Políticas 
650 |a Vasconcelos, José 
650 |a Cárdenas, Lázaro 
650 |a Avila Camacho, Manuel 
650 |a Alemán Valdés, Miguel 
600 |a Calles, Plutarco Elías 
910 |a Fondo Ignacio González Luna Morfín 
920 |a Impresos - Libros 
930 |a Fondos Especiales 
905 |a 136 
901 |a 0500257112  |b IT2  |c ESP  |i D  |u 20250521 
902 |a https://opac.biblio.iteso.mx/vufind/Record/000363658